[Event "Campionato Provinciale di Modena 2022"]
[Site "Modena ITA"]
[Date "2021.12.18"]
[Round "2.10"]
[White "Marseglia, Serena"]
[Black "Modena, Giorgio"]
[Result "0-1"]
[WhiteElo "1190"]
[BlackElo "1837"]
[EventDate "2021.12.17"]
[Plycount "54"]

1. Nf3 Nf6 2. g3 d5 3. d4 c6 4. Bg2 Nbd7 5. O-O b5 6. b3 a5 7. c4 e6 8. Ne5 Nxe5 9. dxe5 Nd7 10. cxd5 cxd5 11. Bb2 Nb6 12. e4 Bb7 13. exd5 Bxd5 14. Bxd5 Nxd5 15. Qd3 Qb6 16. Nc3 Nxc3 17. Bxc3 Be7 18. Bd4 Qb7 19. f4 Rd8 20. f5 Bc5 21. Rf4 Rxd4 22. Rxd4 O-O 23. f6 Rd8 24. Rc1 Rxd4 25. Rxc5 Rxd3 26. Kf1 Qf3+ 27. Ke1 Qd1+ 0-1

[Event "Campionato Provinciale di Modena 2022"]
[Site "Modena ITA"]
[Date "2021.12.18"]
[Round "2.11"]
[White "Maran, Walter"]
[Black "Visentini, Alberto"]
[Result "1-0"]
[WhiteElo "1614"]
[BlackElo "1350"]
[EventDate "2021.12.17"]
[Plycount "99"]

1. e4 e6 2. d4 d5 3. Bd3 c5 4. c3 cxd4 5. Qa4+ Bd7 6. Qxd4 Nc6 7. Qe3 dxe4 8. Bxe4 Nf6 9. Bc2 b6 10. Ne2 Bc5 11. Qg3 O-O 12. Bg5 Be7 13. O-O Nh5 14. Qh4 g6 15. Bxe7 Qxe7 16. Qxe7 Nxe7 17. Nd2 Rad8 18. Rad1 Nf6 19. Rfe1 Bc6 20. Nd4 Bb7 21. N2f3 Rd7 22. Ne5 Rd5 23. Bb3 Rdd8 24. Nb5 a6 25. Na3 Nfd5 26. Nc2 Nf4 27. Nd7 Kg7 28. Nxf8 Rxd1 29. Rxd1 Bxg2 30. Nd7 Nf5 31. Ne3 Nh4 32. Nxg2 Nh3+ 33. Kf1 Nf3 34. Ke2 Nhg1+ 35. Rxg1 Nxg1+ 36. Ke3 b5 37. Nc5 a5 38. Nb7 a4 39. Bd1 Nh3 40. Be2 b4 41. cxb4 f5 42. Nf4 Nxf4 43. Kxf4 Kf6 44. Nc5 g5+ 45. Kg3 Kg6 46. Nxe6 f4+ 47. Nxf4+ gxf4+ 48. Kxf4 h5 49. b5 1-0

[Event "Campionato Provinciale di Modena 2022"]
[Site "Modena ITA"]
[Date "2021.12.18"]
[Round "2.13"]
[White "Garofalo, Sergio"]
[Black "Rubini, Alessandro"]
[Result "0-1"]
[WhiteElo "1580"]
[BlackElo "1222"]
[EventDate "2021.12.17"]
[Plycount "140"]

1. d4 Nf6 2. Nf3 c5 3. e3 g6 4. d5 d6 5. c4 Bg7 6. Nc3 e6 7. h3 O-O 8. e4 exd5 9. exd5 Re8+ 10. Be3 a6 11. a4 Nbd7 12. Bd3 Ne5 13. Nxe5 Rxe5 14. O-O Re8 15. Ra3 Nd7 16. Qc1 Ne5 17. Be2 Bf5 18. Nd1 Qc7 19. g4 Bc8 20. f4 Nd7 21. g5 Nf6 22. a5 Nd7 23. Qd2 Nf8 24. Bg4 Bxg4 25. hxg4 Qd7 26. Qg2 Re7 27. f5 gxf5 28. gxf5 Bd4 29. Qh2 Bxe3+ 30. Rxe3 Rae8 31. Rff3 Qa4 32. b3 Qa1 33. Rd3 Re1+ 34. Rf1 Rxf1+ 35. Kxf1 Qxa5 36. Kg2 Qc7 37. f6 Qd7 38. Qh6 Qg4+ 39. Rg3 Qe4+ 40. Kh2 Qg6 41. Ne3 Qxh6+ 42. gxh6+ Ng6 43. Nf5 Rd8 44. Ne7+ Kf8 45. Nf5 b5 46. Kg1 Ke8 47. Kf1 Kd7 48. Ke1 Kc7 49. Re3 Ne5 50. Rg3 Ng6 51. Re3 bxc4 52. bxc4 Ne5 53. Rg3 Rb8 54. Rg7 Rb1+ 55. Ke2 Rb2+ 56. Kf1 Rb3 57. Ne7 Rf3+ 58. Ke2 Rxf6 59. Rxh7 Kd7 60. Ng8 Rg6 61. Rh8 f5 62. Rh7+ Ke8 63. Re7+ Kf8 64. h7 Rxg8 65. hxg8=Q+ Kxg8 66. Ra7 Nxc4 67. Rxa6 Kf7 68. Kf3 Ke7 69. Ra7+ Kf6 70. Kf4 Nb2 0-1

[Event "Campionato Provinciale di Modena 2022"]
[Site "Modena ITA"]
[Date "2021.12.18"]
[Round "2.15"]
[White "Vaccari, Marco"]
[Black "Togni, Alessandro"]
[Result "0-1"]
[WhiteElo "1485"]
[BlackElo "1100"]
[EventDate "2021.12.17"]
[Plycount "46"]

1. e4 d5 2. exd5 Qxd5 3. Nc3 Qa5 4. d4 Nf6 5. Bc4 c6 6. Nf3 Bf5 7. Bd2 e6 8. d5 Qc5 9. dxc6 Nxc6 10. Qe2 Be7 11. Be3 Qb4 12. O-O Qxb2 13. Nb5 O-O 14. Bb3 Nd5 15. Bd4 Nxd4 16. Nbxd4 Nc3 17. Qe1 Ne4 18. Rb1 Qc3 19. Nxf5 exf5 20. Qe2 Rac8 21. Rfe1 Bc5 22. Rf1 Rfe8 23. Qc4 Bxf2+ 0-1

[Event "Campionato Provinciale di Modena 2022"]
[Site "Modena ITA"]
[Date "2021.12.18"]
[Round "2.16"]
[White "Rioli, Andrea"]
[Black "Bertesi, Andrea"]
[Result "1/2-1/2"]
[WhiteElo "999"]
[BlackElo "1386"]
[EventDate "2021.12.17"]
[Plycount "59"]

1. e4 c6 2. d4 d5 3. Nc3 dxe4 4. Nxe4 Nf6 5. f3 Bf5 6. Nxf6+ exf6 7. Bd3 Bxd3 8. Qxd3 Bd6 9. Ne2 Qa5+ 10. Bd2 Qa6 11. Qe3+ Kd7 12. O-O Re8 13. Qb3 Rxe2 14. Qxf7+ Re7 15. Qh5 g6 16. Qg4+ f5 17. Qh4 Qe2 18. Bg5 Rf7 19. Rf2 Qc4 20. b3 Qc3 21. Rc1 Be7 22. Re2 Bxg5 23. Qxg5 Qxd4+ 24. Kf1 Qf6 25. Rd1+ Kc7 26. Qf4+ Kb6 27. Qb4+ Kc7 28. Qf4+ Kb6 29. Qb4+ Kc7 30. Qf4+ 1/2-1/2

[Event "Campionato Provinciale di Modena 2022"]
[Site "Modena ITA"]
[Date "2021.12.18"]
[Round "2.17"]
[White "Bruni, Alessandro"]
[Black "Cadioli, Enrico Maria"]
[Result "1-0"]
[WhiteElo "1368"]
[BlackElo "999"]
[EventDate "2021.12.17"]
[Plycount "49"]

1. e4 e5 2. Nf3 Nc6 3. Bc4 Nf6 4. d3 Bb4+ 5. c3 Ba5 6. b4 Bb6 7. b5 Na5 8. Nxe5 Nxc4 9. Nxc4 d5 10. Nxb6 axb6 11. e5 Nd7 12. d4 c6 13. O-O O-O 14. bxc6 bxc6 15. Nd2 Re8 16. Nf3 Re6 17. Ng5 Rg6 18. Qh5 h6 19. Nh3 c5 20. f4 cxd4 21. cxd4 Nf8 22. f5 Rc6 23. f6 g6 24. Qxh6 Nh7 25. Qg7# 1-0

[Event "Campionato Provinciale di Modena 2022"]
[Site "Modena ITA"]
[Date "2021.12.18"]
[Round "3.1"]
[White "Lamartina, Davide Mariano"]
[Black "Piccirillo, Edoardo"]
[Result "1-0"]
[WhiteElo "1910"]
[BlackElo "2107"]
[EventDate "2021.12.17"]
[Plycount "60"]

1. e4 d5 2. exd5 Nf6 3. Nf3 Bg4 4. c4 c6 5. Nc3 cxd5 6. cxd5 Nbd7 7. h3 Bh5 8. g4 Bg6 9. Bg2 Nb6 10. Ne5 Qd6 11. d4 O-O-O 12. Bf4 Nfxd5 13. Nxd5 Nxd5 14. Rc1+ Kb8 15. Nc6+ bxc6 16. Bxd6+ Rxd6 17. O-O h5 18. Qb3+ Nb6 19. Rxc6 Rxc6 20. Bxc6 hxg4 21. hxg4 e5 22. dxe5 Be7 23. Kg2 Rc8 24. Bf3 Rc4 25. Rh1 Bc5 26. Rh8+ Kc7 27. Qb5 Bb4 28. Qa6 Be4 29. Rc8+ Kd7 30. Rxc4 Bxf3+ 1-0

[Event "Campionato Provinciale di Modena 2022"]
[Site "Modena ITA"]
[Date "2021.12.18"]
[Round "3.2"]
[White "Covello, Danilo"]
[Black "Magagnini, Vincenzo"]
[Result "0-1"]
[WhiteElo "2070"]
[BlackElo "1900"]
[EventDate "2021.12.17"]
[Plycount "66"]

1. d4 Nf6 2. Bg5 c5 3. d5 Qb6 4. Nc3 Qxb2 5. Bd2 Qb6 6. e4 d6 7. f4 e5 8. Nf3 Nbd7 9. Rb1 Qd8 10. a4 a6 11. Bc4 Be7 12. O-O exf4 13. Bxf4 O-O 14. h3 Nb6 15. Ba2 Bd7 16. e5 dxe5 17. Bxe5 Ne8 18. a5 Nc8 19. Rxb7 Ned6 20. Rb2 Qxa5 21. Ne2 Bb5 22. Re1 Qd8 23. c3 Bf6 24. Qc2 Re8 25. c4 Rxe5 26. Nxe5 Bxe5 27. Rbb1 Bd7 28. Qd2 Bf5 29. Rbc1 Ne4 30. Qe3 Ncd6 31. Bb1 Qh4 32. g3 Bg6 33. Kg2 Bb2 0-1

[Event "Campionato Provinciale di Modena 2022"]
[Site "Modena ITA"]
[Date "2021.12.18"]
[Round "3.3"]
[White "Mammi, Ottavio"]
[Black "Giuntini, Enrico"]
[Result "0-1"]
[WhiteElo "1655"]
[BlackElo "1986"]
[EventDate "2021.12.17"]
[Plycount "66"]

1. c4 f5 2. Nc3 Nf6 3. g3 g6 4. Bg2 Bg7 5. e3 O-O 6. Nge2 e5 7. O-O d6 8. d4 Nc6 9. Rb1 Qe8 10. b4 Qf7 11. Nd5 e4 12. Nec3 Nxd5 13. Nxd5 Nb8 14. f3 c6 15. Nf4 exf3 16. Bxf3 Qxc4 17. b5 Kh8 18. Ba3 Rd8 19. d5 cxb5 20. Bxd6 Rxd6 21. Rc1 Bc3 22. Be2 Qc5 23. Qb3 b4 24. Rf3 a5 25. Nd3 Qxd5 26. Rxc3 Qxb3 27. Rxc8+ Qg8 28. Rxg8+ Kxg8 29. Nc5 b6 30. Bc4+ Kh8 31. Ne6 Nc6 32. Rf2 Ne5 33. Bd5 Rxd5 0-1

[Event "Campionato Provinciale di Modena 2022"]
[Site "Modena ITA"]
[Date "2021.12.18"]
[Round "3.4"]
[White "Vincenzi, Marco"]
[Black "Sacchetti, Andrea"]
[Result "1-0"]
[WhiteElo "1954"]
[BlackElo "1831"]
[EventDate "2021.12.17"]
[Plycount "65"]

1. e4 d6 2. d4 Nf6 3. Nc3 Nbd7 4. g4 h6 5. g5 hxg5 6. Bxg5 e5 7. Nf3 Be7 8. Be2 c6 9. Rg1 Qb6 10. Qd3 Qxb2 11. Rb1 Qa3 12. Bd2 Bf8 13. Rg5 exd4 14. Qxd4 c5 15. Qd3 a6 16. e5 c4 17. Qxc4 Nxe5 18. Nxe5 Be6 19. Qc7 Rc8 20. Qxc8+ Bxc8 21. Nc4 Qxc3 22. Bxc3 Rxh2 23. Bf3 d5 24. Ne3 Bc5 25. Bxf6 gxf6 26. Rh5 Rxh5 27. Bxh5 d4 28. Nd5 f5 29. Nf4 b5 30. Bf3 Bd7 31. Kd2 b4 32. Nd3 Bd6 33. Nxb4 1-0

[Event "Campionato Provinciale di Modena 2022"]
[Site "Modena ITA"]
[Date "2021.12.18"]
[Round "3.5"]
[White "Rubini, Alessandro"]
[Black "Mammi, Samuele"]
[Result "0-1"]
[WhiteElo "1222"]
[BlackElo "1923"]
[EventDate "2021.12.17"]
[Plycount "94"]

1. e4 c6 2. d4 d5 3. e5 Bf5 4. Nf3 e6 5. Be2 c5 6. c3 Nc6 7. O-O Nge7 8. a4 Bg6 9. Na3 Nf5 10. Nc2 Be7 11. Ne3 O-O 12. Nxf5 Bxf5 13. Bd3 Bg4 14. Be2 cxd4 15. cxd4 Qb6 16. Be3 Rac8 17. Qd3 Nb4 18. Qb5 Rc2 19. Qxb6 axb6 20. h3 Bf5 21. Bb5 Rxb2 22. Rfc1 Nc2 23. g4 Bg6 24. Bf4 Nxa1 25. Rxa1 Rc8 26. Be3 Bb4 27. Ne1 Bxe1 28. Rxe1 Rb1 29. Rxb1 Bxb1 30. Kf1 Bc2 31. Ke2 Ra8 32. Kd2 Bxa4 33. Bd3 Kf8 34. Kc3 Ke7 35. Kb4 Bc6 36. Bc2 h6 37. h4 Ra1 38. g5 hxg5 39. hxg5 f6 40. gxf6+ gxf6 41. f4 Re1 42. Bd2 Re2 43. Kc3 Bb5 44. Bc1 Bc4 45. Ba3+ Kf7 46. Bd6 f5 47. Bd3 Re3 0-1

[Event "Campionato Provinciale di Modena 2022"]
[Site "Modena ITA"]
[Date "2021.12.18"]
[Round "3.6"]
[White "Modena, Giorgio"]
[Black "Maran, Walter"]
[Result "1-0"]
[WhiteElo "1837"]
[BlackElo "1614"]
[EventDate "2021.12.17"]
[Plycount "83"]

1. e4 e6 2. d4 d5 3. e5 c5 4. c3 Nc6 5. Nf3 Qb6 6. a3 Bd7 7. b4 cxd4 8. cxd4 Rc8 9. Be2 Nxd4 10. Nxd4 Rxc1 11. Qxc1 Qxd4 12. Qc3 Qb6 13. O-O Be7 14. Nd2 Nh6 15. Nf3 O-O 16. Rac1 Rc8 17. Qd4 Qd8 18. Rxc8 Qxc8 19. Qxa7 f6 20. Qb6 Ng4 21. exf6 Nxf6 22. Ne5 Bd8 23. Qe3 Qc6 24. Rc1 Qd6 25. Nxd7 Qxd7 26. Qc5 Ne4 27. Qc8 Qd6 28. Bg4 Kf7 29. Qxb7+ Kg6 30. Rc6 Qf4 31. Bf3 Qe5 32. Bxe4+ Qxe4 33. Qa6 Bf6 34. Rxe6 Qf5 35. h3 Kf7 36. Re1 h6 37. Qa8 Kg6 38. Qe8+ Kh7 39. Qe6 Qd3 40. Qe3 Qb5 41. Rd1 Qc6 42. Qd3+ 1-0

[Event "Campionato Provinciale di Modena 2022"]
[Site "Modena ITA"]
[Date "2021.12.18"]
[Round "3.7"]
[White "Viola, Lorenzo"]
[Black "Bruni, Alessandro"]
[Result "1-0"]
[WhiteElo "1776"]
[BlackElo "1368"]
[EventDate "2021.12.17"]
[Plycount "65"]

1. e4 e5 2. Nf3 Nc6 3. Bb5 a6 4. Ba4 d6 5. h3 Nf6 6. O-O Nxe4 7. d4 b5 8. Bb3 Bb7 9. Re1 Na5 10. dxe5 Nxb3 11. axb3 Be7 12. exd6 cxd6 13. Qe2 O-O 14. Be3 Re8 15. Nbd2 Ng5 16. Bxg5 Bxg5 17. Qxe8+ Qxe8 18. Rxe8+ Rxe8 19. Nxg5 h6 20. Ngf3 Re6 21. Re1 Rg6 22. Re8+ Kh7 23. Re7 Bc8 24. h4 Bh3 25. g3 Rf6 26. Ra7 d5 27. Re7 Bg4 28. Kg2 Bf5 29. c3 Bc2 30. Nd4 Bg6 31. Rd7 Be4+ 32. Nxe4 dxe4 33. Re7 1-0

[Event "Campionato Provinciale di Modena 2022"]
[Site "Modena ITA"]
[Date "2021.12.18"]
[Round "3.8"]
[White "Ansaloni, Luca"]
[Black "Lugli, Andrea"]
[Result "0-1"]
[WhiteElo "999"]
[BlackElo "1714"]
[EventDate "2021.12.17"]
[Plycount "90"]

1. e4 c6 2. d4 d5 3. exd5 cxd5 4. c4 Nf6 5. Nc3 Nc6 6. Nf3 g6 7. Be2 Bg7 8. O-O O-O 9. Be3 dxc4 10. Bxc4 Bg4 11. Be2 Nb4 12. h3 Bf5 13. a3 Nbd5 14. Nxd5 Nxd5 15. Bc4 Nb6 16. Rc1 Nxc4 17. Rxc4 Qd5 18. Rc5 Qd6 19. Qd2 b6 20. Rcc1 Rac8 21. Bh6 Rxc1 22. Rxc1 Rd8 23. Bxg7 Kxg7 24. Rd1 f6 25. b4 Be4 26. Qe3 Bxf3 27. Qxf3 Qd5 28. Qe3 Rd7 29. Kf1 e5 30. Qd3 Qxd4 31. Qxd4 exd4 32. Ke2 f5 33. b5 Kf6 34. Kd3 Rc7 35. a4 Ke5 36. Re1+ Kd5 37. f4 Rc3+ 38. Kd2 Kc4 39. Re7 Rg3 40. Rxa7 Rxg2+ 41. Ke1 Ra2 42. Ra6 Kd3 43. Rxb6 Rxa4 44. Re6 Rb4 45. b6 Rb2 0-1

[Event "Campionato Provinciale di Modena 2022"]
[Site "Modena ITA"]
[Date "2021.12.18"]
[Round "3.9"]
[White "Coloretti, Elia"]
[Black "Vaccari, Luigi"]
[Result "1-0"]
[WhiteElo "1671"]
[BlackElo "1296"]
[EventDate "2021.12.17"]
[Plycount "135"]

1. e4 c5 2. Nf3 d6 3. d4 cxd4 4. Nxd4 Nf6 5. Nc3 Nc6 6. Be3 g6 7. Qd2 Bg7 8. Bb5 Bd7 9. O-O O-O 10. Nxc6 Bxc6 11. Bxc6 bxc6 12. f3 Qc7 13. Rab1 Rfd8 14. Rfd1 Rd7 15. a3 Rad8 16. Qf2 d5 17. exd5 cxd5 18. Nb5 Qa5 19. Nxa7 Qa6 20. a4 Rb8 21. Nb5 Qxa4 22. Nc3 Qc6 23. Bd4 Re8 24. Re1 Rc7 25. b4 e5 26. Rxe5 Rxe5 27. Bxe5 Re7 28. b5 Qb7 29. Qd4 Re6 30. Na4 Rxe5 31. Qxe5 Qa7+ 32. Kh1 Qxa4 33. b6 Qxc2 34. Re1 Qc6 35. Qb8+ Bf8 36. b7 Qc3 37. Qe5 Qxe5 38. Rxe5 Bd6 39. Re2 Kg7 40. Rb2 Nd7 41. Rb5 Kf6 42. Rxd5 Ke6 43. Rd1 Nb8 44. g4 Kd7 45. h4 f6 46. f4 Kc7 47. f5 gxf5 48. gxf5 Be5 49. Rg1 Kxb7 50. Rg7+ Kc6 51. Rxh7 Kd6 52. Kg2 Nc6 53. Kf3 Ba1 54. Ke4 Ne7 55. h5 Bb2 56. h6 Bc1 57. Rxe7 Bxh6 58. Re6+ Kd7 59. Rxf6 Bg5 60. Re6 Bh4 61. Kd5 Bg5 62. f6 Bh6 63. Ke5 Bf8 64. Kf5 Bc5 65. Re2 Bf8 66. Kg6 Bc5 67. Kg7 Kd8 68. f7 1-0

[Event "Campionato Provinciale di Modena 2022"]
[Site "Modena ITA"]
[Date "2021.12.18"]
[Round "3.10"]
[White "Cavedoni, Enrico"]
[Black "Boasso, Andrea"]
[Result "1/2-1/2"]
[WhiteElo "999"]
[BlackElo "1657"]
[EventDate "2021.12.17"]
[Plycount "164"]

1. e4 Nc6 2. Nf3 d6 3. d4 Nf6 4. Nc3 g6 5. Be3 Bg7 6. h3 O-O 7. Qd2 d5 8. e5 Ne4 9. Nxe4 dxe4 10. Nh2 f6 11. exf6 exf6 12. Bc4+ Kh8 13. O-O-O a6 14. f3 exf3 15. Nxf3 b5 16. Bd3 Qd5 17. Kb1 Be6 18. b3 a5 19. c4 bxc4 20. Bxc4 Bf5+ 21. Ka1 Qd8 22. Bh6 a4 23. Bxg7+ Kxg7 24. g4 axb3 25. Bxb3 Be4 26. Rhf1 Na5 27. Bc2 Bd5 28. Kb1 Bxa2+ 29. Kc1 Qd6 30. Qc3 Nc4 31. Nd2 Nb6 32. Ne4 Qe7 33. g5 Nd5 34. gxf6+ Rxf6 35. Qc5 Qxc5 36. dxc5 Rff8 37. Rxf8 Rxf8 38. Kb2 Bc4 39. Rd4 Ne3 40. Bb1 Rb8+ 41. Kc1 Be6 42. Ng5 Bc8 43. Re4 Nf5 44. Ne6+ Bxe6 45. Rxe6 Kf7 46. Ba2 Kf8 47. Rf6+ Kg7 48. Rf7+ Kh6 49. Rxc7 Rb5 50. Bg8 Ng7 51. Kc2 Rb8 52. Bd5 Nf5 53. Kd3 Rd8 54. Ke4 Ng3+ 55. Ke5 Re8+ 56. Kd6 Nf5+ 57. Kd7 Re7+ 58. Kd8 Re3 59. Bg8 Ng7 60. Re7 Rc3 61. Rc7 Rxh3 62. c6 Re3 63. Re7 Rf3 64. Bf7 Nf5 65. Rd7 Rc3 66. c7 Rxc7 67. Rxc7 Kg5 68. Rc6 Nd4 69. Rd6 Nf5 70. Rd1 Kf6 71. Be8 Kg7 72. Rf1 Kh6 73. Rh1+ Kg7 74. Bd7 Ng3 75. Rg1 Nh5 76. Ke7 Nf6 77. Bf5 Nd5+ 78. Ke6 Nf4+ 79. Ke5 Nh5 80. Bd3 Nf6 81. Kf4 Nd5+ 82. Kf3 Nf6 1/2-1/2

[Event "Campionato Provinciale di Modena 2022"]
[Site "Modena ITA"]
[Date "2021.12.18"]
[Round "3.11"]
[White "Shahaj, Hiqmet"]
[Black "Chiesa, Giuseppe"]
[Result "0-1"]
[WhiteElo "999"]
[BlackElo "1650"]
[EventDate "2021.12.17"]
[Plycount "72"]

1. d4 d5 2. e4 dxe4 3. Nc3 Nf6 4. Qe2 c6 5. Be3 Bg4 6. Qd2 e6 7. h3 Bf5 8. Nge2 Bb4 9. a3 Ba5 10. g4 Bg6 11. Nf4 Nbd7 12. b4 Bc7 13. Nxg6 hxg6 14. g5 Nd5 15. Nxe4 Nxe3 16. Qxe3 Nb6 17. c4 Qe7 18. Qb3 Rd8 19. Qe3 Rh4 20. Rg1 Bf4 21. Qc3 Kf8 22. Rd1 e5 23. Qf3 exd4 24. Rg4 Rxg4 25. hxg4 Bxg5 26. Bd3 Nd7 27. Kf1 Ne5 28. Qh3 Kg8 29. Kg2 Nxd3 30. Qxd3 Bf6 31. Rh1 Bg5 32. Kg1 Bh6 33. Kf1 Re8 34. Ng3 Bf4 35. Ne2 Qe4 36. Nxf4 Qxh1# 0-1

[Event "Campionato Provinciale di Modena 2022"]
[Site "Modena ITA"]
[Date "2021.12.18"]
[Round "3.12"]
[White "Terrone, Damiano"]
[Black "Chiavetta, Giuseppe"]
[Result "1-0"]
[WhiteElo "1648"]
[BlackElo "999"]
[EventDate "2021.12.17"]
[Plycount "39"]

1. c4 c5 2. g3 g6 3. Bg2 Bg7 4. Nc3 Nc6 5. Nf3 Nf6 6. O-O O-O 7. d3 d6 8. Bd2 d5 9. Nxd5 Nxd5 10. cxd5 Qxd5 11. Bc3 Bxc3 12. bxc3 Ne5 13. Qd2 c4 14. Ng5 Qc5 15. d4 Rd8 16. Qf4 Qa5 17. dxe5 f5 18. Qxc4+ Kg7 19. Qf7+ Kh6 20. Qxh7+ 1-0

[Event "Campionato Provinciale di Modena 2022"]
[Site "Modena ITA"]
[Date "2021.12.18"]
[Round "3.13"]
[White "Togni, Alessandro"]
[Black "Rioli, Andrea"]
[Result "1-0"]
[WhiteElo "1100"]
[BlackElo "999"]
[EventDate "2021.12.17"]
[Plycount "45"]

1. e4 c5 2. c3 d6 3. d4 cxd4 4. cxd4 Nf6 5. Nc3 a6 6. Nf3 Nbd7 7. Bc4 e6 8. O-O b5 9. Bb3 Bb7 10. Re1 Be7 11. e5 Nd5 12. Nxd5 Bxd5 13. Bxd5 exd5 14. exd6 Qb8 15. Rxe7+ Kf8 16. Rxd7 Qe8 17. Re7 Qd8 18. Ng5 Qxd6 19. Rxf7+ Kg8 20. Bf4 Qg6 21. Qf3 h6 22. Qxd5 Rf8 23. Rf6+ 1-0

[Event "Campionato Provinciale di Modena 2022"]
[Site "Modena ITA"]
[Date "2021.12.18"]
[Round "3.14"]
[White "Bertesi, Andrea"]
[Black "Gucciardo, Salvatore"]
[Result "0-1"]
[WhiteElo "1386"]
[BlackElo "1590"]
[EventDate "2021.12.17"]
[Plycount "68"]

1. d4 Nf6 2. c4 g6 3. Nc3 Bg7 4. e4 O-O 5. Be2 d6 6. Nf3 e5 7. Bg5 exd4 8. Nxd4 Qe8 9. Ndb5 Na6 10. f3 Qd7 11. O-O Nc5 12. Bxf6 Bxf6 13. Nd5 Bd8 14. Nbxc7 Rb8 15. b4 Ne6 16. Nxe6 fxe6 17. Nc3 Bb6+ 18. Kh1 Qe7 19. Qe1 d5 20. cxd5 Qxb4 21. Rd1 Ba5 22. Rd3 exd5 23. exd5 Bf5 24. Re3 Rbe8 25. Bd1 Rxe3 26. Qxe3 Qxc3 27. Qxa7 Bd3 28. Qe3 Bxf1 29. Qe6+ Kg7 30. Qe7+ Rf7 31. Qe6 Bc4 32. Qe4 Bxd5 33. Qh4 Qe1+ 34. Qxe1 Bxe1 0-1

[Event "Campionato Provinciale di Modena 2022"]
[Site "Modena ITA"]
[Date "2021.12.18"]
[Round "3.15"]
[White "Visentini, Alberto"]
[Black "Garofalo, Sergio"]
[Result "1/2-1/2"]
[WhiteElo "1350"]
[BlackElo "1580"]
[EventDate "2021.12.17"]
[Plycount "123"]

1. d4 Nf6 2. Bf4 c6 3. Nf3 h5 4. h3 d6 5. e3 Qb6 6. Qc1 Bf5 7. Nbd2 Nbd7 8. Nc4 Qc7 9. Be2 Nd5 10. Bd3 Bxd3 11. cxd3 Nxf4 12. exf4 b5 13. Na3 Rc8 14. O-O a6 15. Qe3 g6 16. Rfe1 Nb6 17. h4 Bg7 18. Nc2 Nd5 19. Qd2 Bh6 20. Ng5 O-O 21. g3 Qd7 22. Kh2 Bxg5 23. fxg5 f6 24. Re2 fxg5 25. Qxg5 Kg7 26. Rae1 Rf6 27. f4 Re8 28. Ne3 e6 29. Nxd5 cxd5 30. g4 hxg4 31. Qxg4 Rf5 32. Rg1 Qf7 33. Kg3 Rf8 34. Rf2 e5 35. dxe5 dxe5 36. Rgf1 Qf6 37. b3 e4 38. dxe4 dxe4 39. Qe2 Rh8 40. Qb2 Qxb2 41. Rxb2 Rd8 42. Re1 Rd3+ 43. Kg4 e3 44. Rbe2 Rd4 45. Rf1 Rd2 46. Rxe3 Rg2+ 47. Kh3 Rxa2 48. Re5 Rb2 49. Rxf5 Rxb3+ 50. Kg4 gxf5+ 51. Kxf5 a5 52. Rg1+ Kh6 53. Rg8 a4 54. h5 Rc3 55. Rh8+ Kg7 56. Ra8 a3 57. Ra7+ Kh6 58. Kg4 b4 59. Ra6+ Kh7 60. Ra7+ Kh6 61. Ra6+ Kh7 62. Ra7+ 1/2-1/2

[Event "Campionato Provinciale di Modena 2022"]
[Site "Modena ITA"]
[Date "2021.12.18"]
[Round "3.16"]
[White "Marseglia, Serena"]
[Black "Chiavetta, Matteo"]
[Result "0-1"]
[WhiteElo "1100"]
[BlackElo "1532"]
[EventDate "2021.12.17"]
[Plycount "42"]

1. Nf3 Nf6 2. g3 g6 3. Bg2 Bg7 4. d4 d5 5. O-O O-O 6. b3 Bd7 7. c4 c6 8. Nc3 Qc8 9. Ne5 Bh3 10. cxd5 Bxg2 11. Kxg2 cxd5 12. Bb2 Nc6 13. Rc1 Qf5 14. Rh1 Nxe5 15. dxe5 Ng4 16. f4 Ne3+ 17. Kf3 Nxd1 18. Nxd5 Qh5+ 19. Kg2 Qxe2+ 20. Kh3 Nf2+ 21. Kh4 Qh5# 0-1

[Event "Campionato Provinciale di Modena 2022"]
[Site "Modena ITA"]
[Date "2021.12.18"]
[Round "3.17"]
[White "Cadioli, Enrico Maria"]
[Black "Vaccari, Marco"]
[Result "0-1"]
[WhiteElo "999"]
[BlackElo "1485"]
[EventDate "2021.12.17"]
[Plycount "78"]

1. e4 c5 2. Nc3 d6 3. Nf3 Nc6 4. Bc4 Nf6 5. d3 e6 6. d4 cxd4 7. Nxd4 Be7 8. Nxc6 bxc6 9. Bf4 e5 10. Bg3 O-O 11. Be2 Be6 12. O-O Qc7 13. Re1 Rfd8 14. Bf3 Nd7 15. b4 a6 16. Qb1 Bf6 17. a4 Bg5 18. Rd1 Nb6 19. a5 Nc4 20. Qa2 Ne3 21. Qb2 Nxd1 22. Nxd1 Rab8 23. c3 c5 24. h4 Bh6 25. Ne3 Bxe3 26. fxe3 cxb4 27. cxb4 f6 28. Be2 Qb7 29. Be1 Rdc8 30. Bf3 Rc7 31. Rc1 Rbc8 32. Rxc7 Rxc7 33. Kh2 g5 34. Qa3 g4 35. Be2 Qxe4 36. Bd3 Qc6 37. g3 Qf3 38. Kg1 Bd5 39. h5 Qg2# 0-1

[Event "Campionato Provinciale di Modena 2022"]
[Site "Modena ITA"]
[Date "2021.12.19"]
[Round "4.1"]
[White "Giuntini, Enrico"]
[Black "Lamartina, Davide Mariano"]
[Result "1-0"]
[WhiteElo "1986"]
[BlackElo "1910"]
[EventDate "2021.12.17"]
[Plycount "63"]

1. e4 c5 2. Nf3 Nc6 3. d4 cxd4 4. Nxd4 g6 5. c4 Nf6 6. Nc3 d6 7. Be2 Nxd4 8. Qxd4 Bg7 9. Be3 O-O 10. Qd1 Qa5 11. O-O Be6 12. Rc1 Rfc8 13. b3 a6 14. Na4 Nd7 15. f4 b5 16. Bd2 Qc7 17. cxb5 Qa7+ 18. Kh1 Rxc1 19. Bxc1 axb5 20. Bxb5 Qa5 21. Qe2 Bg4 22. Qd3 Rb8 23. Bc4 Nc5 24. Nxc5 Qxc5 25. f5 gxf5 26. h3 fxe4 27. Qxe4 Bh5 28. Qxe7 Rf8 29. Bf4 Bg6 30. Bxd6 Qh5 31. a4 Bf5 32. Rf3 1-0

[Event "Campionato Provinciale di Modena 2022"]
[Site "Modena ITA"]
[Date "2021.12.19"]
[Round "4.2"]
[White "Magagnini, Vincenzo"]
[Black "Vincenzi, Marco"]
[Result "0-1"]
[WhiteElo "1900"]
[BlackElo "1954"]
[EventDate "2021.12.17"]
[Plycount "65"]

1. e4 e5 2. Nf3 Nc6 3. d4 exd4 4. Nxd4 Bc5 5. Nb3 Be7 6. Nc3 Nf6 7. Qe2 d6 8. Bf4 O-O 9. O-O-O Re8 10. f3 a6 11. g4 b5 12. Qd2 b4 13. Nd5 Nxd5 14. exd5 Ne5 15. Bg2 Ng6 16. Na5 Nxf4 17. Nc6 Ne2+ 18. Kb1 Bg5 19. Nxd8 Bxd2 20. Rxd2 Nf4 21. Nc6 a5 22. Rhd1 Bd7 23. b3 Kf8 24. Kb2 g6 25. Bf1 Nxd5 26. Rxd5 Bxc6 27. R5d3 Re7 28. c3 Bb5 29. c4 Bc6 30. f4 Rae8 31. R3d2 Bf3 32. h3 Bxd1 33. Rxd1 0-1

[Event "Campionato Provinciale di Modena 2022"]
[Site "Modena ITA"]
[Date "2021.12.19"]
[Round "4.3"]
[White "Piccirillo, Edoardo"]
[Black "Coloretti, Elia"]
[Result "1-0"]
[WhiteElo "2107"]
[BlackElo "1676"]
[EventDate "2021.12.17"]
[Plycount "63"]

1. d4 d5 2. Bf4 e6 3. e3 Nf6 4. Nd2 c5 5. c3 Bd6 6. Bg3 cxd4 7. exd4 a6 8. a4 Nc6 9. Ngf3 Ne7 10. Bd3 Ng6 11. Ne5 Bxe5 12. dxe5 Nd7 13. Nf3 Nc5 14. Bc2 Bd7 15. O-O b5 16. axb5 Bxb5 17. Re1 O-O 18. h4 f5 19. exf6 Rxf6 20. Qd4 Qe7 21. h5 Rxf3 22. gxf3 Nf8 23. h6 Ncd7 24. Qxd5 Rd8 25. hxg7 Qxg7 26. Qb7 h5 27. Re4 Qf6 28. Rf4 Qg5 29. c4 e5 30. Qd5+ Kh8 31. cxb5 Ne6 32. Rf5 1-0